000 01411nam a2200349 a 4500
001 ebr10522164
003 CaPaEBR
006 m u
007 cr cn|||||||||
008 111202s2011 mauad sb 001 0 eng d
010 _z 2011275439
020 _z1608070174
020 _z9781608070176
020 _z9781608070183 (e-book)
040 _aCaPaEBR
_cCaPaEBR
035 _a(OCoLC)775410403
050 1 4 _aTK7882.B56
_bM63 2011eb
100 1 _aModi, Shimon K.
245 1 0 _aBiometrics in identity management
_h[electronic resource] :
_bconcepts to applications /
_cShimon K. Modi.
260 _aBoston :
_bArtech House,
_c2011.
300 _axiv, 263 p. :
_bill.
490 1 _aArtech House information security and privacy series
504 _aIncludes bibliographical references and index.
533 _aElectronic reproduction.
_bPalo Alto, Calif. :
_cebrary,
_d2013.
_nAvailable via World Wide Web.
_nAccess may be limited to ebrary affiliated libraries.
650 0 _aBiometric identification.
650 0 _aBiometric identification
_xTechnological innovations.
650 0 _aIdentification
_xData processing.
655 7 _aElectronic books.
_2local
710 2 _aebrary, Inc.
830 0 _aArtech House information security and privacy series.
856 4 0 _uhttp://site.ebrary.com/lib/rucke/Doc?id=10522164
_zAn electronic book accessible through the World Wide Web; click to view
999 _c238385
_d238385